| 000 | 00825nam a2200253Ia 4500 | ||
|---|---|---|---|
| 999 |
_c41298 _d41298 |
||
| 001 | 7955 | ||
| 003 | GE_BSU | ||
| 005 | 20221114161928.0 | ||
| 008 | 181216s2010||||en |||||||||||||| ||eng|| | ||
| 020 | _a9781408236956x | ||
| 040 | _c | ||
| 041 | _aeng | ||
| 080 | _a811.111-8+338.22 C-84 | ||
| 100 |
_aCotton David. _93235 |
||
| 245 |
_aIntermediate : Market Leader : _cDavid Cotton ; Simon Falvey ; Simon Kent. _b Business English : Course Book / |
||
| 250 | _a3rd Edition. | ||
| 264 |
_aEngland : _bFinancial Times, _c2010. |
||
| 300 |
_a176 p .: _bill ; _c28 cm. _e+1CD. |
||
| 653 | _aMarket Leader .Business English. | ||
| 653 | _aბიზნეს ინგლისური | ||
| 700 |
_aFalvey, Simon _93236 _eავტორი |
||
| 700 |
_aKent, Simon _93237 _eავტორი |
||
| 942 |
_cBK _2udc |
||